000 00775nam a2200193 u 4500
001 000277721
003 AM-YEHGA
005 20250617164101.0
008 031029s1962 ||||||||||||||||||||rus d
040 _aAM-YeHGA
041 0 _arus
100 1 _aКондаков, Константин Гаврилович
245 1 0 _aО направлениях развития и размещения промышленности Якутской АССР /
_cК.Г. Кондаков ; Отв. ред. Ф.Д. Никадимов.
260 _aЯкутск :
_bЯкутское кн. изд-во,
_c1962.
300 _a144 с.
650 1 4 _aЭкономика народного хозяйства
700 1 _aНикадимов, Ф.Д.
_eотв. ред.
_4edt
090 _c521081
999 _c517530
_d517530